Zaznacz TAK - nagła śmierć - Statystyki

Ogólne statystyki
  • Ten quiz został rozwiązany 375 razy
  • Średni wynik to 7 z 7
Answers on the Grid
Answers color-coded by a green-red scale on the quiz's grid according to % correct below.
TAK
NIE
NIE WIEM
NIE WIEM
TAK
NIE WIEM
NIE WIEM
NIE WIEM
TAK
TAK
NIE WIEM
TAK
NIE WIEM
NIE
NIE
TAK
TAK
NIE
NIE
 
Statystyki odpowiedzi
Odpowiedź % Poprawnych
TAK
100%
TAK
98%
TAK
98%
TAK
98%
TAK
97%
TAK
96%
TAK
96%
Nie znaleziono quizów pasujących do podanych kryteriów
Rozkład punktacji
Procent ludzi z każdym wynikiem
Percentyl według liczby udzielonych odpowiedzi
Twoja historia wyników
Nie rozwiązałeś tego quizu